Statystyki dla Dodatkowe dobre postacie z skibidi toilet

Kliknij tutaj aby rozwiązać quiz!

Ogólne statystyki

  • Ten quiz został rozwiązany 8 razy
  • Średni wynik to 6 z 18

Statystyki odpowiedzi

SprzętNazwa% Poprawnych
ZegarTitan clockman
83%
Zegarclockman
67%
ZegarLarge clockman
67%
ProjektorLarge projector man
67%
ProjektorProjector man
67%
ProjektorTitan projector man
67%
Camera,Speaker,
TV
Tri titan
50%
SyrenaLarge sirenman
33%
SyrenaSirenman
33%
SyrenaTitan sirenman
33%
ZegarGiant clockman
17%
ProjektorGiant projector man
17%
SyrenaGiant sirenman
17%
SłońceGiant Solarman
0%
SłońceLarge Solarman
0%
SłońceSolarman
0%
SłońceTitan Solarman
0%
OknoTitan Windowman
0%

Rozkład punktacji

Percentyl według liczby udzielonych odpowiedzi

Procent ludzi z każdym wynikiem

Twoja historia wyników

Nie rozwiązałeś tego quizu